000 00701nam a2200289Ia 4500
005 20260324122248.0
008 008 260324s9999 xx 000 0 eng d
020 _a9780429161353
037 _aEBOOK
040 _aCRL
040 _beng
040 _cCRL
041 _2eng
041 _aeng
084 _qCRL
100 _aMegh R Goyal; Eric W. Harmsen
_91165763
245 0 _aEvapotranspiration
245 0 _bPrinciples and Applications for Water Management
260 _bTaylor and Francis
260 _c2013
365 _a
365 _b355
856 _uhttp://www.taylorfrancis.com/books/9780429161353
942 _cEBOOK
999 _c1758356
_d1758356